00424cam a2200157 a 4500003000400000005001700004008004100021020001500062040000900077082001900086245004200105260002600147300002400173504005100197700001800248OSt20260511163935.0060524s2005 enk f b 001 0 eng  a0761949062 cIRDP04a320.609 41 DEV00aDevelopments in British Public Policy aLondon;bSAGE,c2005. ax, 252 p. ;c24 cm. aIncludes bibliographical references and index.1 aDorey, Peter.